| 000 | 00961nam a22002777a 4500 | ||
|---|---|---|---|
| 001 | 7633 | ||
| 003 | FISKH | ||
| 005 | 20250729092136.0 | ||
| 008 | 250729b cb ||||| |||| 00| 0 eng d | ||
| 040 |
_aFISKH _beng _cFISKH _dFISKH |
||
| 050 | _aPZ74.2 | ||
| 082 | _a398.2452 | ||
| 100 |
_aSchlichting, Mark _eAdaptor |
||
| 245 |
_aThe tortoise and the hare / _cRetold by Mark Schlichting : Illustrated by Michael Dashow & Barbara Lawrence-Webster |
||
| 260 |
_aNew York : _bRandom House , _c1993. |
||
| 300 |
_a31 unnumbered pages : _bcolor illustrations ; _c18 x 23 cm . |
||
| 505 | _aK | ||
| 520 | _aRecounts the race between the boastful hare and the persevering tortoise. | ||
| 521 | 8 |
_a510
_bLexile estimate |
|
| 521 | 8 |
_aK
_bRaz-Plus |
|
| 650 |
_aSlow and steady _vJuvenile Literature |
||
| 700 |
_aDashow, Michael _eIllustrator |
||
| 700 |
_aLawrence-Webster, Barbara _eIllustrator |
||
| 942 |
_2ddc _cBK _n0 |
||
| 999 |
_c7633 _d7633 |
||